000 00739nam a2200289Ia 4500
005 20260324123904.0
008 008 260324s9999 xx 000 0 eng d
020 _a9780429246326
037 _aEBOOK
040 _aCRL
040 _beng
040 _cCRL
041 _2eng
041 _aeng
084 _qCRL
100 _aElizabeth A. Cudney; Rodney Kestle
_91172037
245 0 _aImplementing Lean Six Sigma throughout the Supply Chain
245 4 _bThe Comprehensive and Transparent Case Study
260 _bTaylor and Francis
260 _c2011
365 _a
365 _b290
856 _uhttp://www.taylorfrancis.com/books/9780429246326
942 _cEBOOK
999 _c1765937
_d1765937